Les rites secrets des primitifs de l'Oubangui; (Record no. 127766)
[ view plain ]
| 000 -LEADER | |
|---|---|
| fixed length control field | 01418cam a22003251 4500 |
| 001 - CONTROL NUMBER | |
| control field | 8771544 |
| 003 - CONTROL NUMBER IDENTIFIER | |
| control field | ARRUPE |
| 005 - DATE AND TIME OF LATEST TRANSACTION | |
| control field | 20180323115621.0 |
| 008 - FIXED-LENGTH DATA ELEMENTS--GENERAL INFORMATION | |
| fixed length control field | 800718s1936 fr abf 000 0 fre |
| 010 ## - LIBRARY OF CONGRESS CONTROL NUMBER | |
| LC control number | 37007506 |
| 035 ## - SYSTEM CONTROL NUMBER | |
| System control number | (OCoLC)6528677 |
| 040 ## - CATALOGING SOURCE | |
| Original cataloging agency | DLC |
| Transcribing agency | TxDaM |
| Modifying agency | TxDaM |
| -- | DLC |
| 050 00 - LIBRARY OF CONGRESS CALL NUMBER | |
| Classification number | GN652.U2 |
| Item number | V4 |
| 082 ## - DEWEY DECIMAL CLASSIFICATION NUMBER | |
| Classification number | 572.96741 |
| 300 ## - PHYSICAL DESCRIPTION | |
| Dimensions | 23 cm. |
| 100 1# - MAIN ENTRY--PERSONAL NAME | |
| Personal name | Vergiat, Antonin Marius, |
| Dates associated with a name | 1900- |
| 9 (RLIN) | 40939 |
| 245 14 - TITLE STATEMENT | |
| Title | Les rites secrets des primitifs de l'Oubangui; |
| Statement of responsibility, etc | Antoni |
| 260 ## - PUBLICATION, DISTRIBUTION, ETC. (IMPRINT) | |
| Place of publication, distribution, etc | Paris |
| Name of publisher, distributor, etc | Payot, |
| Date of publication, distribution, etc | 1951 |
| 300 ## - PHYSICAL DESCRIPTION | |
| Extent | 158p. ; |
| 490 0# - SERIES STATEMENT | |
| Series statement | Bibliothéque scientifique |
| 650 #0 - SUBJECT ADDED ENTRY--TOPICAL TERM | |
| Topical term or geographic name as entry element | Ethnology |
| Geographic subdivision | Central African Republic. |
| 9 (RLIN) | 40940 |
| 650 #0 - SUBJECT ADDED ENTRY--TOPICAL TERM | |
| Topical term or geographic name as entry element | Secret societies |
| Geographic subdivision | Africa, French-speaking Equatorial. |
| 9 (RLIN) | 40941 |
| 650 #0 - SUBJECT ADDED ENTRY--TOPICAL TERM | |
| Topical term or geographic name as entry element | Plants |
| General subdivision | Folklore. |
| 9 (RLIN) | 40942 |
| 650 #0 - SUBJECT ADDED ENTRY--TOPICAL TERM | |
| Topical term or geographic name as entry element | Plant names, Popular |
| Geographic subdivision | Africa, French-speaking Equatorial. |
| 9 (RLIN) | 40943 |
| 906 ## - LOCAL DATA ELEMENT F, LDF (RLIN) | |
| a | 7 |
| b | cbc |
| c | oclcrpl |
| d | u |
| e | ncip |
| f | 19 |
| g | y-gencatlg |
| 942 ## - ADDED ENTRY ELEMENTS (KOHA) | |
| Source of classification or shelving scheme | Library of Congress Classification |
| Koha item type | Monograph ( Printed materials) |
| Withdrawn status | Lost status | Source of classification or shelving scheme | Damaged status | Not for loan | Collection code | Home library | Current library | Shelving location | Date acquired | Total Checkouts | Full call number | Barcode | Date last seen | Price effective from | Koha item type |
|---|---|---|---|---|---|---|---|---|---|---|---|---|---|---|---|
| Library of Congress Classification | Main Collection | ARRUPE LIBRARY | ARRUPE LIBRARY | Main Collection | 23/03/2018 | GN652.U2 V4 | 46600001858 | 23/03/2018 | 23/03/2018 | Monograph ( Printed materials) |